Cuentos /

Guardado en:
Autor Principal: Wilde, Oscar
Otros Autores: I. Dieste, Rafael, adap., Ii. Aniano, Lisa , il.
Formato: Libro
Publicado: Buenos Aires : Atlántida, 1982
Edición:10a. ed.
Series:Biblioteca Billiken ; Colección Roja
Materias:
Etiquetas: Agregar Etiqueta
Sin Etiquetas, Sea el primero en etiquetar este registro!
LEADER 00939nam a22002655a 4500
001 CEM.cems015046
005 20190910055236.0
008 130507s1982##################000#0#####d
003 CEMS
020 |a 9500801752 
082 0 4 |a 891.628 
100 1 |a Wilde, Oscar 
245 1 0 |a Cuentos /  |c Oscar Wilde ; apatación de Rafael Dieste ; ilustraciones de Lisa Aniano 
250 |a 10a. ed. 
260 |a Buenos Aires :  |b Atlántida,  |c 1982 
300 |a 126 p. 
490 0 |a Biblioteca Billiken ; Colección Roja 
505 0 |a El príncipe feliz -- El joven rey -- El amigo fiel -- El cumpleaños de la infanta -- El niño estrella -- El gigante egoísta -- El modelo millonario -- 
653 |a Literatura 
653 |a Literatura irlandesa 
653 |a Cuentos 
653 |a Cuentos irlandeses 
700 1 |a I. Dieste, Rafael, adap. 
700 1 |a Ii. Aniano, Lisa , il. 
859 |a CEMS  |b BIB. CEMS - 11 de abril  |h 891.628  |i W644-5a3  |p 28000.19  |t Ej.1